000 01025nam a2200325 a 4500
001 vtls001219807
003 NLI
005 20210603150309.0
008 120329s1988 ii b f000 0 eng
020 _cRs. 10.00
039 9 _a201203302210
_bVLOAD
_y201203291712
_zsiva123
040 _aNLI
_beng
_cDatasoft_IOD_S
_eAACR2
041 0 _aeng
044 _aii
082 0 4 _a016.3
245 0 0 _aBibliographic reprints /
_cedited by Savitri Devi ; ccompiled by Savitri Devi [and] Kanchan Lata
260 _aNew Delhi :
_bNational Social Science Documentation Centre,
_c1988
300 _aviii, 210 p. ;
_c27 cm.
440 0 _aNASSDOC research information series ;
_v71
_9129780
650 0 _aSocial sciences
_vBibliography
_9268748
700 1 _aDevi, Savitri,
_4edt
_9255587
700 1 _aDevi, Savitri,
_4com
_9255587
700 1 _aLata, Kanchan,
_4com
710 2 _aNASSDOC
887 _a
901 _a115883 date
_b02.08.1989
_9no.8
902 _aGP 016.3 B 471
999 _aVIRTUA40
_c459010
_d459010
942 _2ddc
_cBKS